[Event "FRA-chT1 1011"]
[Site "France"]
[Date "2010.11.13"]
[Round "2.7"]
[White "Sermier, Alain"]
[Black "Langevin, Philippe"]
[Result "1-0"]
[WhiteElo "2103"]
[BlackElo "2125"]
[PlyCount "99"]
[EventDate "2010.10.17"]
[EventType "team-tourn"]
[EventRounds "11"]
[EventCountry "FRA"]
[SourceTitle "EXT 2012"]
[Source "ChessBase"]
[SourceDate "2011.11.24"]
[SourceVersion "1"]
[SourceVersionDate "2011.11.24"]
[SourceQuality "1"]

1. d4 Nf6 2. c3 d5 3. Bf4 Nc6 4. Nf3 e6 5. e3 Bd6 6. Nbd2 Ne7 7. Bxd6 cxd6 8. Bd3 Ng6 9. h4 Ne7 10. Qc2 Bd7 11. Rc1 Rc8 12. Qb1 Bc6 13. 0-0 Ng6 14. g3 e5 15. e4 dxe4 16. Nxe4 Nxe4 17. Bxe4 Bxe4 18. Qxe4 d5 19. Qe3 0-0 20. dxe5 Re8 21. Rfe1 Rc4 22. Qxa7 Qd7 23. Re3 Ra4 24. Qb6 Rxa2 25. Rce1 Qc6 26. Qb3 Ra6 27. Nd4 Rb6 28. Qa3 Qc4 29. b3 Qa6 30. Qxa6 bxa6 31. f4 Nf8 32. Ra1 Ne6 33. Ra5 Rd8 34. Kf2 Nc7 35. g4 Ne6 36. Kf3 h6 37. f5 Nc7 38. b4 Nb5 39. Nxb5 axb5 40. Rd3 Rc8 41. Re3 g6 42. Rd3 gxf5 43. gxf5 Rc4 44. Rxd5 Rxc3+ 45. Kg4 Rbc6 46. Rd8+ Kh7 47. Raa8 h5+ 48. Kxh5 Rh6+ 49. Kg4 Rc4+ 50. Kf3 1-0

[Event "FRA-chT1 0910"]
[Site "France"]
[Date "2009.10.04"]
[Round "1.6"]
[White "Langevin, Philippe"]
[Black "Andonov, Bogomil"]
[Result "0-1"]
[WhiteElo "2112"]
[BlackElo "2294"]
[PlyCount "61"]
[EventDate "2009.09.27"]
[EventType "team-tourn"]
[EventRounds "11"]
[EventCountry "FRA"]
[SourceTitle "EXT 2011"]
[Source "ChessBase"]
[SourceDate "2010.11.26"]
[SourceVersion "1"]
[SourceVersionDate "2010.11.26"]
[SourceQuality "1"]

1. e4 c5 2. Nf3 Nc6 3. Be2 Nf6 4. d3 d5 5. Nbd2 Bg4 6. h3 Bh5 7. 0-0 e6 8. Re1 Be7 9. exd5 Nxd5 10. Ne4 Bg6 11. Bd2 0-0 12. Qc1 Rc8 13. Bg5 f6 14. Be3 b6 15. Nc3 Nxe3 16. Qxe3 Nd4 17. Bd1 e5 18. b3 Re8 19. a4 Bd6 20. Nh4 Bf7 21. Nb5 Be7 22. c3 Nxb3 23. Rb1 Na5 24. Bg4 Be6 25. Nf5 Qd7 26. Qf3 h5 27. Bxh5 Bxf5 28. Bxe8 Rxe8 29. Rbd1 a6 30. Na3 Rd8 31. Nc4 0-1

[Event "FRA-chT1A 0809"]
[Site "France"]
[Date "2009.03.14"]
[Round "8.5"]
[White "Fischer, Marc"]
[Black "Langevin, Philippe"]
[Result "1-0"]
[WhiteElo "2210"]
[BlackElo "2121"]
[PlyCount "85"]
[EventDate "2008.10.19"]
[EventType "team-tourn"]
[EventRounds "11"]
[EventCountry "FRA"]
[SourceTitle "EXT 2010"]
[Source "ChessBase"]
[SourceDate "2010.11.25"]
[SourceVersion "1"]
[SourceVersionDate "2010.11.25"]
[SourceQuality "1"]
[WhiteTeam "Mulhouse II"]
[BlackTeam "Hyeres"]
[WhiteTeamCountry "FRA"]
[BlackTeamCountry "FRA"]

1. d4 Nf6 2. Bg5 h6 3. Bxf6 exf6 4. c4 Bb4+ 5. Nc3 Bxc3+ 6. bxc3 0-0 7. e3 d6 8. Bd3 Re8 9. Ne2 Bg4 10. f3 Bd7 11. e4 f5 12. 0-0 Qg5 13. f4 Qe7 14. e5 f6 15. exd6 cxd6 16. Ng3 g6 17. Rf3 Nc6 18. h4 h5 19. Nf1 Qf7 20. Ne3 Na5 21. Rg3 Kh8 22. Qb1 b6 23. Qb4 Nb7 24. Qa3 Be6 25. Be2 Kh7 26. Bf3 Rab8 27. Qxa7 Na5 28. Qxf7+ Bxf7 29. Nd5 Re6 30. Rb1 Nxc4 31. Kf2 Bg8 32. Rb4 Rc8 33. Bd1 Nd2 34. Rd3 Ne4+ 35. Kf3 Nxc3 36. Nxc3 Re1 37. Bb3 Bxb3 38. axb3 Rf1+ 39. Kg3 Rc1 40. Nd5 R1c2 41. Nxf6+ Kh6 42. Nd5 Re2 43. Rxb6 1-0

[Event "Hyeres"]
[Site "Hyeres"]
[Date "2008.07.08"]
[Round "2"]
[White "Kleinplatz, Sam"]
[Black "Langevin, Philippe"]
[Result "1-0"]
[WhiteElo "2265"]
[BlackElo "2154"]
[PlyCount "103"]
[EventDate "2008.07.07"]
[EventType "tourn"]
[EventRounds "7"]
[EventCountry "FRA"]
[SourceTitle "EXT 2012"]
[Source "ChessBase"]
[SourceDate "2011.11.24"]
[SourceVersion "1"]
[SourceVersionDate "2011.11.24"]
[SourceQuality "1"]

1. e4 c5 2. d4 cxd4 3. c3 e6 4. Nf3 Nc6 5. cxd4 d5 6. exd5 exd5 7. Nc3 Nf6 8. Ne5 Bb4 9. Bb5 0-0 10. 0-0 Nxe5 11. dxe5 Bxc3 12. bxc3 Ne4 13. Qd4 Qa5 14. Qb4 Qc7 15. c4 Qxe5 16. Ba3 Bf5 17. Rae1 a6 18. Ba4 b5 19. cxb5 axb5 20. Bxb5 Rfb8 21. Bb2 Qe6 22. a4 Qg6 23. Re3 h5 24. Qd4 Rd8 25. Rc1 Rd6 26. Bd3 Qf6 27. Qxf6 gxf6 28. f3 Rxa4 29. fxe4 dxe4 30. Bf1 Ra2 31. Bc3 Rc6 32. Rce1 Rc2 33. Ba1 Kg7 34. Rg3+ Kf8 35. Ra3 Bg6 36. Ra6 f5 37. Rxc6 Rxc6 38. Be5 Ke7 39. Bf4 Ke6 40. Kf2 h4 41. Be2 Rc2 42. Ke3 f6 43. Ra1 Be8 44. Ra6+ Bc6 45. Bb5 Kd5 46. Rxc6 Rxc6 47. Bxc6+ Kxc6 48. h3 Kd5 49. Bh2 Kc4 50. Bg1 Kc3 51. Bf2 f4+ 52. Kxe4 1-0

[Event "FRA-chT Top 16 GpB"]
[Site "France"]
[Date "2008.04.10"]
[Round "4"]
[White "Langevin, Philippe"]
[Black "Bergez, Luc"]
[Result "1-0"]
[WhiteElo "2156"]
[BlackElo "2370"]
[PlyCount "65"]
[EventDate "2008.03.22"]
[EventType "team"]
[EventRounds "7"]
[EventCountry "FRA"]
[SourceTitle "CBM 123 Extra"]
[Source "ChessBase"]
[SourceDate "2008.05.06"]
[SourceVersion "1"]
[SourceVersionDate "2008.05.06"]
[SourceQuality "1"]

1. e4 d5 2. exd5 Nf6 3. Nf3 Nxd5 4. Be2 Nf4 5. 0-0 Nxe2+ 6. Qxe2 e6 7. d4 Be7 8. Nc3 0-0 9. Bf4 c5 10. dxc5 Bxc5 11. Ne4 Be7 12. Rfd1 Qb6 13. c4 Nd7 14. Bd6 Bxd6 15. Rxd6 Qc7 16. Rad1 Nc5 17. b4 Nxe4 18. Qxe4 h6 19. a4 Rb8 20. Qd4 b6 21. Ne5 Ra8 22. c5 bxc5 23. bxc5 Rb8 24. h3 a5 25. Rd8 Bb7 26. Rd7 Qc8 27. Qd6 Bd5 28. c6 Rb6 29. Ng6 Re8 30. Ne7+ Rxe7 31. Qxe7 Kh7 32. Qxf7 Qh8 33. c7 1-0

[Event "FRA-chT Top 16 GpB"]
[Site "France"]
[Date "2008.03.24"]
[Round "3"]
[White "Langevin, Philippe"]
[Black "Heinz, Timothee"]
[Result "1/2-1/2"]
[WhiteElo "2156"]
[BlackElo "2310"]
[PlyCount "24"]
[EventDate "2008.03.22"]
[EventType "team"]
[EventRounds "7"]
[EventCountry "FRA"]
[SourceTitle "CBM 123 Extra"]
[Source "ChessBase"]
[SourceDate "2008.05.06"]
[SourceVersion "1"]
[SourceVersionDate "2008.05.06"]
[SourceQuality "1"]

1. b3 c5 2. Bb2 Nc6 3. e3 Nf6 4. Nf3 g6 5. Nc3 Bg7 6. Ne4 d6 7. Nxf6+ Bxf6 8. Bxf6 exf6 9. Bb5 Qc7 10. 0-0 0-0 11. Bxc6 bxc6 12. d4 Bg4 1/2-1/2

[Event "FRA-chT1B 0607"]
[Site "France"]
[Date "2007.02.10"]
[Round "7.5"]
[White "Langevin, Philippe"]
[Black "Mailfert, Jean Pierre"]
[Result "1-0"]
[WhiteElo "2208"]
[BlackElo "2137"]
[PlyCount "89"]
[EventDate "2006.10.15"]
[EventType "team"]
[EventRounds "11"]
[EventCountry "FRA"]
[SourceTitle "EXT 2008"]
[Source "ChessBase"]
[SourceDate "2007.11.25"]
[SourceVersion "1"]
[SourceVersionDate "2007.11.25"]
[SourceQuality "1"]
[WhiteTeam "Hyeres"]
[BlackTeam "Cannes II"]
[WhiteTeamCountry "FRA"]
[BlackTeamCountry "FRA"]

1. e4 Nc6 2. Nf3 Nf6 3. e5 Nd5 4. Bb5 e6 5. 0-0 Be7 6. d4 0-0 7. c4 Ndb4 8. c5 Nd5 9. Nc3 Nxc3 10. bxc3 d6 11. cxd6 cxd6 12. Re1 Bd7 13. Bd3 dxe5 14. Nxe5 Nxe5 15. Rxe5 Bf6 16. Re3 g6 17. Be4 Qc8 18. Qf3 Bg5 19. Bxb7 Qd8 20. Ba3 Re8 21. Bxa8 Bxe3 22. fxe3 Qxa8 23. Qxa8 Rxa8 24. Rb1 Bc6 25. Bc5 Bd5 26. a3 f5 27. Kf2 a5 28. Rb2 Kf7 29. h3 g5 30. Rb6 Ke8 31. g4 fxg4 32. e4 Bc4 33. hxg4 Rd8 34. Rb7 Rd7 35. Rb8+ Kf7 36. Rf8+ Kg7 37. Rc8 Bb3 38. Ra8 a4 39. Kg3 h6 40. Rc8 Rf7 41. Bd6 Bc2 42. d5 Bxe4 43. dxe6 Rf3+ 44. Kh2 Kf6 45. e7 1-0

[Event "FRA-chT2 0405"]
[Site "France"]
[Date "2005.02.06"]
[Round "7.3"]
[White "Caposciutti, Maurizio"]
[Black "Langevin, Philippe"]
[Result "1-0"]
[WhiteElo "2326"]
[BlackElo "2238"]
[PlyCount "89"]
[EventDate "2004.10.10"]
[EventType "team"]
[EventRounds "11"]
[EventCountry "FRA"]
[SourceTitle "EXT 2006"]
[Source "ChessBase"]
[SourceDate "2005.11.24"]
[SourceVersion "1"]
[SourceVersionDate "2005.11.24"]
[SourceQuality "1"]
[WhiteTeam "Echiquier Nicois  II"]
[BlackTeam "Hyeres"]
[WhiteTeamCountry "FRA"]
[BlackTeamCountry "FRA"]

1. Nf3 Nf6 2. c4 g6 3. b3 Bg7 4. Bb2 0-0 5. g3 d6 6. d4 Bf5 7. Bg2 Qc8 8. h3 Re8 9. Nbd2 Nc6 10. d5 Nb4 11. Kf1 e5 12. dxe6 Bxe6 13. Nd4 Bd7 14. Kg1 a5 15. a3 Nc6 16. N2f3 Ne5 17. Qc2 Nxf3+ 18. exf3 a4 19. f4 axb3 20. Qxb3 Ne4 21. Qc2 f5 22. Nb5 Bxb5 23. cxb5 Qd7 24. a4 Bxb2 25. Qxb2 Qg7 26. Qa2+ Qf7 27. Kh2 Qxa2 28. Rxa2 Ra5 29. Re1 Kf8 30. Bxe4 Rxe4 31. Rc1 Re7 32. Rac2 Rxa4 33. Rxc7 d5 34. Rxe7 Kxe7 35. Rc7+ Kd6 36. Rxb7 d4 37. Rb8 Kc5 38. Kg2 d3 39. Rd8 Rd4 40. Rxd4 Kxd4 41. b6 d2 42. b7 d1Q 43. b8Q Qh5 44. Qe5+ Kd3 45. g4 1-0

[Event "FRA-chT2S 9900"]
[Site "France"]
[Date "2000.01.16"]
[Round "6"]
[White "Langevin, Philippe"]
[Black "Marteau, Yann"]
[Result "1-0"]
[WhiteElo "2180"]
[BlackElo "2317"]
[PlyCount "103"]
[EventDate "1999.01.15"]
[EventType "team"]
[EventRounds "7"]
[EventCountry "FRA"]
[SourceTitle "EXT 2002"]
[Source "ChessBase"]
[SourceDate "2001.11.25"]
[SourceVersion "1"]
[SourceVersionDate "2001.11.25"]
[SourceQuality "1"]

1. e4 e6 2. d4 d5 3. e5 c5 4. c3 Qb6 5. Nf3 Nc6 6. Bd3 cxd4 7. 0-0 Bd7 8. a3 a5 9. cxd4 Nxd4 10. Nxd4 Qxd4 11. Nc3 Qb6 12. Nb5 Bxb5 13. Qb3 Ne7 14. Be3 a4 15. Bxb5+ Nc6 16. Qxd5 Qc7 17. Qc4 Be7 18. f4 0-0 19. Bxa4 Rfc8 20. Rac1 Qa5 21. Bb3 Bd8 22. Kh1 Ne7 23. Qd3 Nf5 24. Qd7 g6 25. Rxc8 Rxc8 26. Bd2 Qa6 27. Rd1 Qc6 28. Qxc6 Rxc6 29. Bb4 Bb6 30. Ba4 Rc8 31. Bc3 Rc4 32. Bb5 Rxf4 33. g3 Rf2 34. Rd7 Ne3 35. Rxb7 Rc2 36. h4 Rc1+ 37. Kh2 Ng4+ 38. Kg2 Rc2+ 39. Kf1 Bc5 40. a4 Rf2+ 41. Ke1 Rg2 42. Be8 Rc2 43. Bxf7+ Kf8 44. Bd2 Bf2+ 45. Kd1 Rc6 46. Bb4+ Bc5 47. Bxc5+ Rxc5 48. Bxe6 Ne3+ 49. Kd2 Rxe5 50. Rf7+ Ke8 51. Rf3 Ng2 52. Bh3 1-0

[Event "FRA-chT2S 9900"]
[Site "France"]
[Date "1999.12.05"]
[Round "4"]
[White "Caposciutti, Maurizio"]
[Black "Langevin, Philippe"]
[Result "1/2-1/2"]
[WhiteElo "2273"]
[BlackElo "2180"]
[PlyCount "72"]
[EventDate "1999.01.15"]
[EventType "team"]
[EventRounds "7"]
[EventCountry "FRA"]
[SourceTitle "EXT 2002"]
[Source "ChessBase"]
[SourceDate "2001.11.25"]
[SourceVersion "1"]
[SourceVersionDate "2001.11.25"]
[SourceQuality "1"]

1. Nf3 Nf6 2. c4 g6 3. b3 Bg7 4. Bb2 0-0 5. g3 d6 6. d4 a5 7. Nc3 Bg4 8. Bg2 Qc8 9. h3 Bd7 10. g4 Nc6 11. Qd2 Re8 12. Rd1 h6 13. a3 e5 14. dxe5 dxe5 15. Nd5 Nxd5 16. cxd5 Nd8 17. Nh4 c6 18. 0-0 cxd5 19. Bxd5 Be6 20. Ng2 Nc6 21. e3 Rd8 22. Bxe6 Qxe6 23. Qc3 Rdc8 24. Qc4 Qxc4 25. bxc4 Nd8 26. Rc1 Ra6 27. Rfd1 Rac6 28. Rd5 Ne6 29. Rxa5 b6 30. Rb5 Nc7 31. Rb4 Na6 32. Rb3 Nc5 33. Rb5 Nd3 34. Rd1 Nxb2 35. Rxb2 Ra8 36. Rb3 Rxc4 1/2-1/2

[Event "Toulon op"]
[Site "Toulon"]
[Date "1996.??.??"]
[Round "6"]
[White "Langevin, Philippe"]
[Black "Nikcevic, Nebojsa"]
[Result "0-1"]
[WhiteElo "2240"]
[BlackElo "2485"]
[PlyCount "100"]
[EventDate "1996.10.??"]
[EventType "swiss"]
[EventRounds "7"]
[EventCountry "FRA"]
[SourceTitle "EXT 2001"]
[Source "ChessBase"]
[SourceDate "2000.11.22"]
[SourceVersion "1"]
[SourceVersionDate "2000.11.22"]
[SourceQuality "1"]

1. e4 c5 2. Nf3 Nc6 3. Be2 Nf6 4. d3 g6 5. c3 Bg7 6. Be3 b6 7. Qc1 h6 8. h3 e5 9. c4 d6 10. Bd2 a6 11. Nc3 Ra7 12. Rb1 Bd7 13. a3 Ne7 14. Nh2 Be6 15. Nf1 Nfg8 16. Ne3 h5 17. Ned5 Bxd5 18. cxd5 Kf8 19. b4 Bh6 20. bxc5 bxc5 21. Na4 Bxd2+ 22. Qxd2 Nf6 23. 0-0 Nd7 24. Rb2 Kg7 25. Rfb1 Qc7 26. Nb6 Rb8 27. Nxd7 Rxb2 28. Qxb2 Qxd7 29. f4 f6 30. fxe5 fxe5 31. Bd1 Ng8 32. Qb8 Nf6 33. Rb6 Rc7 34. Ba4 Qe7 35. Bc6 c4 36. dxc4 Nxe4 37. Rb2 h4 38. Qb6 Nc5 39. Rf2 e4 40. Qb8 e3 41. Re2 Kh7 42. Kh1 Ne4 43. Re1 Ng3+ 44. Kh2 e2 45. a4 Kg7 46. a5 Kh7 47. Qb6 Rc8 48. Qd4 Rf8 49. c5 Rf1 50. Qb4 Qe5 0-1